Ελληνικά σχολεία στην περίοδο της Οθωμανικής κυριαρχίας (1453-1821)
Αποθηκεύτηκε σε:
| Κύριος συγγραφέας: | |
|---|---|
| Μορφή: | Βιβλίο |
| Γλώσσα: | Greek |
| Δημοσίευση: |
Θεσσαλονίκη :
Βάνιας,
1991.
|
| Σειρά: | Παιδεία και γλώσσα (Βάνιας)
|
| Θέματα: | |
| Ετικέτες: |
Προσθήκη ετικέτας
Δεν υπάρχουν, Καταχωρήστε ετικέτα πρώτοι!
|
MARC
| LEADER | 00000cam a2200000 i 4500 | ||
|---|---|---|---|
| 001 | 1/99811 | ||
| 008 | 950404s1991 gr | ||| |||| ||gre|| | ||
| 035 | |l 10011454 | ||
| 040 | |a GR-MY-UA |b gre |e aacr | ||
| 041 | 0 | |a gre | |
| 082 | 7 | |a 379.495 |2 (22) | |
| 100 | 1 | |a Χατζόπουλος, Κωνσταντίνος Κ. | |
| 245 | 1 | 0 | |a Ελληνικά σχολεία στην περίοδο της Οθωμανικής κυριαρχίας (1453-1821) / |c Κωνσταντίνου Κ. Χατζόπουλου. |
| 260 | |a Θεσσαλονίκη : |b Βάνιας, |c 1991. | ||
| 300 | |a 456 σ. ; |c 21 εκ. | ||
| 490 | 1 | |a (Παιδεία και γλώσσα / Βάνιας) | |
| 650 | 0 | |a Education |z Greece |x History. | |
| 650 | 0 | |a Schools |z Greece |x History. | |
| 830 | 0 | |a Παιδεία και γλώσσα (Βάνιας) | |
| 852 | |a INST |b LESVOS |e 19950404 |h 379.495 ΧΑΤ |p 005100001794 |q 005100001794 |t BK |y 0 | ||
| 852 | |a INST |b LESVOS |e 20111202 |h 379.495 ΧΑΤ |p 005100050904 |q 005100050904 |t BK |y 0 | ||
| 901 | |a BIBL1-2011-3 | ||
| 909 | |a Λ |b 036688 | ||
| 909 | |a Λ |b 173220 | ||
| 922 | |a 1ΕΛΗ |b 199409 |c ΤΚΑ | ||
| 970 | |z 04/04/1995 | ||